000
00237nam a2200097Ia 4500
008
230915s9999 xx 000 0 und d
050
_a
T353 .S47 2008
100
_a
JENSEN CECIL
245
0
_a
ENGINEERING: DRAWING AND DESIGN
942
_c
BK
999
_c
202803
_d
202803